|
|
|
|
| LEADER |
01371ppm a22003498a 4500 |
| 001 |
00036220 |
| 005 |
20171026081025.0 |
| 008 |
170217s2014 ||||||Viesd |
| 041 |
0 |
# |
|a Vie
|
| 082 |
1 |
4 |
|a 302.209 597 93
|b V115H
|
| 100 |
0 |
# |
|a Lê, Thị Lệ Huệ
|e Sinh viên thực hiện
|
| 245 |
1 |
0 |
|a Văn hóa giao tiếp của nhân viên tại khách sạn vạ phát 1 Thành phố Cần Thơ
|b Khóa luận tốt nghiệp : Ngành Việt Nam Học : Trình độ : Đại học
|c Lê Thị Lệ Huệ. Giáo viên hướng dẫn: Trần Thanh Thảo Uyên
|
| 260 |
# |
# |
|a Đồng Tháp
|b Trường Đại học Đồng Tháp
|c 2014
|
| 300 |
# |
# |
|e 1 bản tóm tắt
|a 70tr.
|c 30 cm.
|
| 500 |
# |
# |
|a ĐTTTS ghi: Bộ Giáo dục và Đào tạo. Trường Đại học Đồng Tháp. Khoa Văn Hóa - Du lịch
|
| 653 |
# |
# |
|a Cần Thơ
|
| 653 |
# |
# |
|a Văn hóa
|
| 653 |
# |
# |
|a Nhân viên
|
| 653 |
# |
# |
|a Khóa luận
|
| 653 |
# |
# |
|a Khách sạn
|
| 700 |
1 |
# |
|a Trần Thanh Thảo Uyên
|e hướng dẫn
|
| 852 |
# |
# |
|j KD.0019518
|
| 852 |
# |
# |
|b Kho đọc
|j KD.0019518
|
| 910 |
# |
# |
|d 17/02/2017
|
| 980 |
# |
# |
|a Trung tâm Học liệu Lê Vũ Hùng, Trường Đại học Đồng Tháp
|